Solid state physics / (Record no. 167129)

MARC details
000 -LEADER
fixed length control field 00779cam a2200253 i 4500
008 - FIXED-LENGTH DATA ELEMENTS--GENERAL INFORMATION
fixed length control field
020 ## - INTERNATIONAL STANDARD BOOK NUMBER
International Standard Book Number 9780123850300 (hbk.)
049 ## - LOCAL HOLDINGS (OCLC)
Holding library MAIN
090 ## - LOCALLY ASSIGNED LC-TYPE CALL NUMBER (OCLC); LOCAL CALL NUMBER (RLIN)
Classification number (OCLC) (R) ; Classification number, CALL (RLIN) (NR) QC176
Local cutter number (OCLC) ; Book number/undivided call number, CALL (RLIN) GRO
003 - CONTROL NUMBER IDENTIFIER
control field
005 - DATE AND TIME OF LATEST TRANSACTION
control field 20230123141053.0
040 ## - CATALOGING SOURCE
Transcribing agency NUST
100 1# - MAIN ENTRY--PERSONAL NAME
Personal name Grosso, Giuseppe.
245 10 - TITLE STATEMENT
Title Solid state physics /
Statement of responsibility, etc. Giuseppe Grosso and Giuseppe Pastori Parravicini.
250 ## - EDITION STATEMENT
Edition statement 2nd ed.
260 ## - PUBLICATION, DISTRIBUTION, ETC.
Place of publication, distribution, etc. Amsterdam :
Name of publisher, distributor, etc. Academic Press an imprint of Elsevier,
Date of publication, distribution, etc. 2014.
300 ## - PHYSICAL DESCRIPTION
Extent xiv, 857 p. :
Other physical details ill. ;
Dimensions 24 cm.
500 ## - GENERAL NOTE
General note Includes index.
504 ## - BIBLIOGRAPHY, ETC. NOTE
Bibliography, etc. note Includes bibliographical references.
650 #0 - SUBJECT ADDED ENTRY--TOPICAL TERM
Topical term or geographic name entry element Solid state physics.
700 1# - ADDED ENTRY--PERSONAL NAME
Personal name Pastori Parravicini, Giuseppe.
907 ## - LOCAL DATA ELEMENT G, LDG (RLIN)
a .b10387791
b 19-01-18
c 18-01-18
942 ## - ADDED ENTRY ELEMENTS (KOHA)
Koha item type Ordinary Loan Books
Call number prefix QC176
Call number suffix GRO
Holdings
Date last seen Total Checkouts Full call number Barcode Cost, replacement price Price effective from Koha item type Lost status Source of classification or shelving scheme Damaged status Not for loan Collection Withdrawn status Home library Current library Shelving location Date acquired Cost, normal purchase price
01/23/2023 1 QC176 GRO 92004044581 80.00 01/23/2023 BOOKS   LCC     NFIC   MAIN MAIN GEN 01/23/2023 80.00